000 00788cam a22002653a 4500
001 1047
003 PGUSA
005 20140828082956.0
008 970901s1997||||xxu|||||s|||||000 1 eng d
040 _aPGUSA
_beng
042 _adc
050 4 _aPR
100 1 _aWells, H. G.
_q(Herbert George),
_d1866-1946
245 1 4 _aThe New Machiavelli
_h[electronic resource] /
_cH. G. Wells
260 _bProject Gutenberg,
_c1997
506 _aPublic domain in the USA.
516 _aElectronic text
653 _aGreat Britain -- Politics and government -- Fiction
653 _aPolitical fiction
653 _aAdultery -- Fiction
653 _aMan-woman relationships -- Fiction
830 0 _aProject Gutenberg
_v1047
856 4 0 _uhttp://www.gutenberg.org/ebooks/1047
942 _cEB
999 _c230398
_d230398